U.S. statutes concerning registration of trade-marks, with rules of Patent Office relating thereto, revised May 15, 1923.

Bibliographic Details
Corporate Author: United States. Department of the Interior
Format: Government Document eBook
Language:English
Published: [Washington] : GPO, 1923.
Subjects:
Online Access:Connect to the full text of this electronic document

MARC

Tag First Indicator Second Indicator Subfields
LEADER 00000cam a22000001a 4500
001 in00003780021
005 20190408183507.0
006 m o d f
007 cr bn mmmapmmp
008 141208s1923 dcu o f000 0 eng d
035 |a ebd1910404380 
040 |a UMI  |c UMI  |d UtOrBLW 
086 0 |a I 23.11/2:923 
099 |a I23.11-2.20 
110 1 |a United States.  |b Department of the Interior.  |0 http://id.loc.gov/authorities/names/n80126051 
245 1 0 |a U.S. statutes concerning registration of trade-marks, with rules of Patent Office relating thereto, revised May 15, 1923. 
264 1 |a [Washington] :  |b GPO,  |c 1923. 
300 |a 1 online resource (iii+41 pages) 
336 |a text  |b txt  |2 rdacontent 
337 |a computer  |b c  |2 rdamedia 
338 |a online resource  |b cr  |2 rdacarrier 
533 |a Electronic reproduction.  |b [Bethesda, Md.] :  |c ProQuest,  |d 2014.  |e digital, PDF file.  |n ProQuest U.S. Executive Branch Documents  |n Mode of access: World Wide Web via ProQuest website. 
588 |a Record is based on online resource; title from PDF title page (ProQuest, last viewed Dec. 2014). Reuse except for individual research requires license from ProQuest, LLC. 
500 |a Electronic resource. 
610 1 0 |a United States.  |b Department of the Interior.  |0 http://id.loc.gov/authorities/names/n80126051 
610 1 0 |a United States.  |t Laws, etc. (Statutes of the United States)  |0 http://id.loc.gov/authorities/names/no99035336 
650 0 |a Trademarks.  |0 http://id.loc.gov/authorities/subjects/sh85136742 
650 0 |a User charges.  |0 http://id.loc.gov/authorities/subjects/sh85141551 
655 7 |a Electronic books.  |2 local 
856 4 0 |u http://proxy.library.tamu.edu/login?url=http://congressional.proquest.com/congressional/docview/t66.d71.i23.11-2.20  |z Connect to the full text of this electronic document  |t 0 
999 f f |s c0b3894e-5cfb-3c41-9fbd-edaba0b57923  |i 03d2409a-0d97-35c8-be9d-c865d32a7347  |t 0 
952 f f |a Texas A&M University  |b College Station  |c Electronic Resources  |d Available Online  |t 0  |h No information provided 
998 f f |t 0  |l Available Online